| 000 | 00543 a2200157 4500 | ||
|---|---|---|---|
| 020 | _a0306804670 | ||
| 082 | _a355/.009 | ||
| 090 |
_c6866 _d6866 |
||
| 100 | _aFuller, J. F. C. | ||
| 245 |
_aThe conduct of war, 1789-1961 : a study of the impact of the French, industrial, and Russian revolutions on war and its conduct _cJ.F.C. Fuller |
||
| 260 |
_aLondon _bMethued & Co LTD _c1986 |
||
| 300 |
_a852p. _c25cm. |
||
| 650 |
_aMilitary art and science --History. _xMilitary history, Modern. |
||
| 655 | _aincludes indes. | ||
| 942 |
_cBK _k355.009 FUL |
||
| 999 |
_c10688 _d10688 |
||